LEADER 01024nam0-2200385---450- 001 990008233930403321 005 20051125142301.0 010 $a3-540-25787-X 035 $a000823393 035 $aFED01000823393 035 $a(Aleph)000823393FED01 035 $a000823393 100 $a20051125d2005----km-y0itay50------ba 101 0 $aeng 102 $aDE 105 $aa---a---001yy 200 1 $aPos n(R)and eisenstein series$fJ.Jorgenson, S.Lang 210 $aBerlin$cSpringer$dc2005 215 $aviii,168 p.$d24 cm 225 1 $aLecture notes in mathematics$v1868 610 0 $aFunzioni theta 610 0 $aAnalisi sugli spazi omogenei 676 $a516.3$v21 700 1$aJorgenson,$bJay$060132 701 1$aLang,$bSerge$01160 801 0$aIT$bUNINA$gRICA$2UNIMARC 901 $aBK 912 $a990008233930403321 952 $aC-20-(1868$b21176$fMA1 959 $aMA1 962 $a43A85 962 $a14K25 962 $a32A50 996 $aPos n(R)and eisenstein series$9737942 997 $aUNINA